000 00820nam a22002057a 4500
003 UA-OsUOA
001 42490
007 ta
008 20090206b un ||||| |||| 00| 0 ukr d
090 _a050
_bУ45
942 _cMG
040 _aUA-OsUOA
_beng
_cUA-OsUOA
_dUA-OsUOA
245 _aУкраїнський православний Вісник
_bSeptember 1978 (44). December 1978 (45). April 1979 (46). June 1979 (47). September 1979 (48). December 1979 (49). April 1980 (50). June 1980 (51). September 1980 (52). December 1980 (53).
955 _a4
041 _aeng
080 _a050
260 _aLancaster
650 7 _a050 Серійні публікації. Періодика галузі, Організація та інші типи поєднання (співробітництва)
_2UDC
999 _c440988
_d440988